| 000 | 00461nam a22001817a 4500 | ||
|---|---|---|---|
| 005 | 20251108174920.0 | ||
| 008 | 250721s2010 xx 000 0 eng d | ||
| 082 | 1 | 4 | _a621.31/ZAK |
| 100 | 1 | _azaky, asser | |
| 245 | 1 | 0 | _aProtective Grounding / |
| 264 | 1 |
_aalexandria : _bALwafa publishing, _c2010. |
|
| 300 | _a238 p. | ||
| 650 | 1 | 7 | _aELECTRIC CHARGES |
| 650 | 1 | 7 | _aELECTRIC POWER RATES |
| 653 | _aELECTRIC SHOCK | ||
| 942 |
_2ddc _cBK |
||
| 999 |
_c121418 _d121418 |
||